<?xml version="1.0" encoding="UTF-8"?>
<record
    xmlns:xsi="http://www.w3.org/2001/XMLSchema-instance"
    xsi:schemaLocation="http://www.loc.gov/MARC21/slim http://www.loc.gov/standards/marcxml/schema/MARC21slim.xsd"
    xmlns="http://www.loc.gov/MARC21/slim">

  <leader>00609nam a2200169 a 4500</leader>
  <controlfield tag="001">BRCA_1431</controlfield>
  <controlfield tag="005">20190320203427.0</controlfield>
  <controlfield tag="008">831213s1998    sp-a---###---#000-0#spa-d</controlfield>
  <datafield tag="050" ind1=" " ind2="4">
    <subfield code="a">M33</subfield>
    <subfield code="b">.M36 1998</subfield>
  </datafield>
  <datafield tag="245" ind1="1" ind2="0">
    <subfield code="a">El mant&#xF3;n de Manila.</subfield>
  </datafield>
  <datafield tag="260" ind1=" " ind2=" ">
    <subfield code="a">Granada</subfield>
    <subfield code="b">Fundaci&#xF3;n Caja de Granada : Fundaci&#xF3;n Rodr&#xED;guez-Acosta</subfield>
    <subfield code="c">1998</subfield>
  </datafield>
  <datafield tag="300" ind1=" " ind2=" ">
    <subfield code="a">130 p.</subfield>
    <subfield code="b">il. a color</subfield>
    <subfield code="c">23 cm.</subfield>
  </datafield>
  <datafield tag="650" ind1="1" ind2="4">
    <subfield code="a">Zarzuelas</subfield>
    <subfield code="x">Cuentas del piano. [cat&#xE1;logo antiguo]</subfield>
    <subfield code="9">4686</subfield>
  </datafield>
  <datafield tag="700" ind1="1" ind2=" ">
    <subfield code="a">Ir&#xE1;izoz, Fiacro</subfield>
    <subfield code="t">El mant&#xF3;n de Manila. [cat&#xE1;logo antiguo]</subfield>
    <subfield code="9">4687</subfield>
  </datafield>
  <datafield tag="700" ind1="1" ind2=" ">
    <subfield code="a">Brull y Ayerra, Melecio</subfield>
    <subfield code="d">1858- [cat&#xE1;logo antiguo]</subfield>
    <subfield code="9">4688</subfield>
  </datafield>
  <datafield tag="942" ind1=" " ind2=" ">
    <subfield code="2">lcc</subfield>
    <subfield code="c">B</subfield>
  </datafield>
  <datafield tag="999" ind1=" " ind2=" ">
    <subfield code="c">1293</subfield>
    <subfield code="d">1293</subfield>
  </datafield>
  <datafield tag="952" ind1=" " ind2=" ">
    <subfield code="0">0</subfield>
    <subfield code="1">0</subfield>
    <subfield code="4">0</subfield>
    <subfield code="7">0</subfield>
    <subfield code="a">BRCA</subfield>
    <subfield code="b">BRCA</subfield>
    <subfield code="d">2008-06-26</subfield>
    <subfield code="l">0</subfield>
    <subfield code="o">M33 .M36 1998</subfield>
    <subfield code="p">01958</subfield>
    <subfield code="r">2019-03-22 00:00:00</subfield>
    <subfield code="w">2019-03-22</subfield>
    <subfield code="y">B</subfield>
  </datafield>
</record>
